000 00632nam a2200241Ia 4500
003 OSt
005 20220924150544.0
006 a|||||r|||| 00| 0
007 ta
008 220923b |||||||| |||| 00| 0 tel d
024 _a333653
037 _cTextual
040 _aARTS
_cARTS
_btel
041 _2tel
_atel
082 _aO35,2M7,1, J7
100 _aSastry Venkata
_9220886
245 0 _aPandavody yogumu
260 _c1957
650 _aTELUGU DRAMA
_9173432
700 _a Sastry Tirupati
_9221834
942 _hO35,2M7,1, J7
_cTEXL
_2CC
999 _c463756
_d463756